Statistics for World Capitals by Capital City directly East in 90 seconds: with a map

Click here to take the quiz!

General Stats

  • This quiz has been taken 371 times
  • The average score is 182 of 196

Answers on the Map

Answers color-coded by a green-red scale on the quiz's map according to % correct below.
 

Answer Stats

Capital% Correct
Dublin
100%
London
100%
Paris
100%
Washington
100%
Amsterdam
99%
Ankara
99%
Athens
99%
Baku
99%
Beirut
99%
Belgrade
99%
Berlin
99%
Bern
99%
Bratislava
99%
Brussels
99%
Bucharest
99%
Budapest
99%
Caracas
99%
Chisinau
99%
Copenhagen
99%
Damascus
99%
Havana
99%
Helsinki
99%
Kiev
99%
Lisbon
99%
Ljubljana
99%
Luxembourg
99%
Madrid
99%
Minsk
99%
Monaco
99%
Moscow
99%
Nicosia
99%
Oslo
99%
Ottawa
99%
Podgorica
99%
Prague
99%
Pristina
99%
Reykjavik
99%
Riga
99%
Rome
99%
San Marino
99%
Sarajevo
99%
Skopje
99%
Sofia
99%
Stockholm
99%
Tallinn
99%
Tbilisi
99%
Tirana
99%
Vaduz
99%
Vatican City
99%
Vienna
99%
Vilnius
99%
Warsaw
99%
Yerevan
99%
Zagreb
99%
Abu Dhabi
98%
Algiers
98%
Amman
98%
Ashgabat
98%
Asmara
98%
Astana
98%
Baghdad
98%
Beijing
98%
Bishkek
98%
Cairo
98%
Djibouti
98%
Doha
98%
Dushanbe
98%
Islamabad
98%
Jerusalem
98%
Kabul
98%
Kathmandu
98%
Kingston
98%
Kuwait City
98%
Manama
98%
Mexico City
98%
Muscat
98%
New Delhi
98%
Port-au-Prince
98%
Rabat
98%
Riyadh
98%
Sana'a
98%
Tashkent
98%
Tehran
98%
Thimphu
98%
Tripoli
98%
Tunis
98%
Brasilia
97%
Colombo
97%
Juba
97%
Kampala
97%
Male
97%
Managua
97%
Nairobi
97%
Nassau
97%
Santo Domingo
97%
Victoria
97%
Addis Ababa
96%
Banjul
96%
Bissau
96%
Bridgetown
96%
Bujumbura
96%
Conakry
96%
Dakar
96%
Freetown
96%
Georgetown
96%
Guatemala City
96%
Khartoum
96%
Roseau
96%
Saint George's
96%
San Salvador
96%
Sucre
96%
Valletta
96%
Belmopan
95%
Bogota
95%
Buenos Aires
95%
Castries
95%
Dhaka
95%
Hanoi
95%
Jakarta
95%
Kigali
95%
Kingstown
95%
Lima
95%
Mogadishu
95%
Panama City
95%
Saint John's
95%
San Jose
95%
Santiago
95%
Basseterre
94%
Gaborone
94%
Naypyidaw
94%
Nouakchott
94%
Paramaribo
94%
Praia
94%
Pretoria
94%
Quito
94%
Tegucigalpa
94%
Windhoek
94%
Antananarivo
93%
Bamako
93%
Bangui
93%
Canberra
93%
Kinshasa
93%
Monrovia
93%
Port-of-Spain
93%
Seoul
93%
Ulaanbaatar
93%
Yamoussoukro
93%
Accra
92%
Andorra la Vella
92%
Vientiane
92%
Abuja
91%
Bangkok
91%
Brazzaville
91%
Dodoma
91%
Montevideo
91%
N'Djamena
91%
Ouagadougou
91%
Port Louis
91%
Pyongyang
91%
Tokyo
91%
Lilongwe
90%
Lome
90%
Lusaka
90%
Moroni
90%
Porto-Novo
90%
Asuncion
89%
Harare
89%
Luanda
89%
Sao Tome
89%
Yaounde
88%
Niamey
87%
Maputo
86%
Mbabane
86%
Malabo
84%
Phnom Penh
83%
Libreville
82%
Manila
82%
Wellington
82%
Kuala Lumpur
80%
Singapore
79%
Maseru
77%
Dili
76%
Bandar Seri Begawan
73%
Port Moresby
73%
Suva
71%
Taipei
66%
Apia
65%
Honiara
59%
Melekeok
58%
Port-Vila
57%
Tarawa
53%
Funafuti
52%
Majuro
49%
Nuku'alofa
48%
Palikir
41%
Yaren
37%

Score Distribution

Percentile by Number Answered

Percent of People with Each Score

Your Score History

You have not taken this quiz